| 000 | 00505nam a2200193Ia 4500 | ||
|---|---|---|---|
| 003 | GCL | ||
| 008 | 140319s9999 xx 000 0 eng d | ||
| 040 |
_aGCL / _cGCL |
||
| 082 | 0 | 4 |
_a005.3 _bP A |
| 100 | 1 | _aPLISSON, JEAN-MICHEL | |
| 245 | 1 | 0 |
_aAIDE-MEMOIRE DE VISUAL C++ / _cPLISSON, JEAN-MICHEL |
| 260 |
_a[S.N] : _bMARABOUT UNIVERSITE ، _c1994 |
||
| 300 | _a274 P | ||
| 490 |
_aMARABOUT _v0 |
||
| 650 | 0 | 4 | _aCOMPUTER SOFTWARE |
| 650 | 0 | 4 | _aCOMPUTER PROGRM |
| 650 | 0 | 4 | _aVISUAL C |
| 942 |
_2ddc _cBK |
||
| 999 |
_c22712 _d22712 |
||